New media in printmaking
Bewaard in:
| Hoofdauteur: | |
|---|---|
| Formaat: | Boek |
| Taal: | Engels |
| Gepubliceerd in: |
Nueva York
Watson-Guptill Publications
1976
|
| Editie: | 1a. ed |
| Onderwerpen: | |
| Tags: |
Voeg label toe
Geen labels, Wees de eerste die dit record labelt!
|
MARC
| LEADER | 00000cam a2200000 a 4500 | ||
|---|---|---|---|
| 001 | UCF9589 | ||
| 003 | CL-VaPUC | ||
| 008 | 131129e19760000us |||||||||||||||||eng|d | ||
| 020 | |a 0823031659 | ||
| 082 | 0 | 4 | |a 760 |b BIC |2 21 |
| 100 | 0 | |a Bickford, John |e author |9 571959 | |
| 245 | 1 | 0 | |a New media in printmaking |
| 250 | |a 1a. ed | ||
| 300 | |a 176 p | ||
| 942 | |c BK | ||
| 945 | |d 20131129 12:34:00 |a dcastane | ||
| 260 | |a Nueva York |b Watson-Guptill Publications |c 1976 | ||
| 650 | 7 | |a GRABADO |2 CL-VaPUC |9 265438 | |
| 650 | 7 | |a GRABADORES |2 CL-VaPUC |9 322728 | |
| 650 | 0 | |a Técnicas de impresión |9 327475 | |
| 583 | |a last modification |c 20131129 12:34:00 |k Rodrigo Vera | ||
| 999 | |c 354032 |d 354030 | ||
| 952 | |0 0 |1 0 |3 erd |4 0 |6 760_000000000000000_BIC_1976 |7 0 |8 R |9 459663 |a BIBART |b BIBART |i 5029104 |o 760 BIC 1976 |p 5029104 |r 2025-03-13 |w 2019-11-23 |y BK_R |z Catalogado en:20131129 |k ART | ||